<?xml version="1.0" encoding="UTF-8"?>
<record
    xmlns:xsi="http://www.w3.org/2001/XMLSchema-instance"
    xsi:schemaLocation="http://www.loc.gov/MARC21/slim http://www.loc.gov/standards/marcxml/schema/MARC21slim.xsd"
    xmlns="http://www.loc.gov/MARC21/slim">

  <leader>02499nam a22002657a 4500</leader>
  <controlfield tag="005">20260407112837.0</controlfield>
  <controlfield tag="008">260407b        |||||||| |||| 00| 0 eng d</controlfield>
  <datafield tag="020" ind1=" " ind2=" ">
    <subfield code="a">9788126554973</subfield>
  </datafield>
  <datafield tag="040" ind1=" " ind2=" ">
    <subfield code="c">AL</subfield>
  </datafield>
  <datafield tag="041" ind1=" " ind2=" ">
    <subfield code="a">eng</subfield>
  </datafield>
  <datafield tag="082" ind1=" " ind2=" ">
    <subfield code="a">621.382</subfield>
    <subfield code="b">SAAF</subfield>
  </datafield>
  <datafield tag="100" ind1=" " ind2=" ">
    <subfield code="a">Tarek N Saadawi and others</subfield>
    <subfield code="9">260462</subfield>
  </datafield>
  <datafield tag="245" ind1=" " ind2=" ">
    <subfield code="a">Fundamentals of telecommunication networks</subfield>
  </datafield>
  <datafield tag="260" ind1=" " ind2=" ">
    <subfield code="a">New Delhi</subfield>
    <subfield code="b">Wiley</subfield>
    <subfield code="c">2015</subfield>
  </datafield>
  <datafield tag="300" ind1=" " ind2=" ">
    <subfield code="a">xvii,485p</subfield>
    <subfield code="b">PB</subfield>
    <subfield code="c">23x15cm</subfield>
  </datafield>
  <datafield tag="365" ind1=" " ind2=" ">
    <subfield code="2">Electronics and Communication Engineering</subfield>
    <subfield code="a">VBI-2645</subfield>
    <subfield code="b">&#x20B9;896.25</subfield>
    <subfield code="c">&#x20B9;</subfield>
    <subfield code="d">&#x20B9;1195.00</subfield>
    <subfield code="e">25%</subfield>
    <subfield code="f">20-02-2026</subfield>
  </datafield>
  <datafield tag="440" ind1=" " ind2=" ">
    <subfield code="a">Wiley series in telecommunications and signal processing</subfield>
    <subfield code="9">260463</subfield>
  </datafield>
  <datafield tag="520" ind1=" " ind2=" ">
    <subfield code="a">Comprehensive, authoritative, practical--an essential guide to the design and operation of telecommunication networks The past decade has seen what can only be described as an evolutionary leap in the field of telecommunication networks. The penetration of data networks, the emergence of the integrated services digital network (ISDN) and Broadband ISDN, and the development of fast packet switching, are just some of the dramatic developments that have emerged over the past few years alone. This book was designed to function as a practical introduction to the core concepts, techniques, and methodologies underlying each of these developments and common to the design and operation of all forms of existing telecommunications networks. Key topics covered include:
* The physical layer of the OSI reference model
* Performance evaluation techniques
* Queueing theory fundamentals and their applications to networks
* Layers 2 and 3 of the OSI reference model -- including an in-depth discussion of protocol standards,routing algorithms, and flow and congestion control techniques
* LAN theory, standards, and technology and multiple access communications techniques
* Network interconnection and the transport layer
* ISDN, Broadband ISDN, and fast packet switching theory and architecture
Fundamentals of Telecommunication Networks is an invaluable resource for systems developers, engineers, and managers responsible for dealing with telecommunications networks and systems.
An Instructor's Manual presenting detailed solutions to all the problems in the book is available from the Wiley editorial department.</subfield>
  </datafield>
  <datafield tag="650" ind1=" " ind2=" ">
    <subfield code="a">Queueing Systems</subfield>
    <subfield code="9">260453</subfield>
  </datafield>
  <datafield tag="650" ind1=" " ind2=" ">
    <subfield code="a">Network Interconnection</subfield>
    <subfield code="9">260454</subfield>
  </datafield>
  <datafield tag="650" ind1=" " ind2=" ">
    <subfield code="a">Transport Protocols</subfield>
    <subfield code="9">260455</subfield>
  </datafield>
  <datafield tag="700" ind1=" " ind2=" ">
    <subfield code="a">Ammar, Mostafa H</subfield>
    <subfield code="9">260456</subfield>
  </datafield>
  <datafield tag="700" ind1=" " ind2=" ">
    <subfield code="a">Hakeem, Ahmed El</subfield>
    <subfield code="9">260457</subfield>
  </datafield>
  <datafield tag="942" ind1=" " ind2=" ">
    <subfield code="2">ddc</subfield>
    <subfield code="c">BK</subfield>
  </datafield>
  <datafield tag="999" ind1=" " ind2=" ">
    <subfield code="c">241154</subfield>
    <subfield code="d">241154</subfield>
  </datafield>
  <datafield tag="952" ind1=" " ind2=" ">
    <subfield code="0">0</subfield>
    <subfield code="1">0</subfield>
    <subfield code="2">ddc</subfield>
    <subfield code="4">0</subfield>
    <subfield code="7">0</subfield>
    <subfield code="8">ECE </subfield>
    <subfield code="a">SE</subfield>
    <subfield code="b">SE</subfield>
    <subfield code="d">2026-04-01</subfield>
    <subfield code="e">Vidyarthi Books, Bengaluru-560076</subfield>
    <subfield code="g">896.25</subfield>
    <subfield code="l">0</subfield>
    <subfield code="o">621.382 SAAF</subfield>
    <subfield code="p">SE000420</subfield>
    <subfield code="r">2026-04-07 11:25:46</subfield>
    <subfield code="v">1195.00</subfield>
    <subfield code="w">2026-02-20</subfield>
    <subfield code="y">BK</subfield>
  </datafield>
</record>
